• 首页
  • 本馆介绍
  • 公告通知
  • 最新文献
  • 馆藏检索
  • 电子资源
  • 读者导购
  • 参考咨询
  • 我的图书馆
  • 登录
  • 详细信息显示
  • 放入我的书架
  • 预约/预借图书
  • 作者相关作品
  • 分类相关作品
  • 丛书相关作品
  • 出版社相关作品

书目信息

  • 表格格式
  • 工作单格式
  • 卡片格式
题名:
我国中小学体育课堂教学设计研究
    
 
作者: 柴娇 著
分册:  
出版信息: 北京   北京体育大学出版社  2010
页数: 182页
开本: 24cm
丛书名: 中国体育博士文丛
单 册:
中图分类: G633.96
科图分类:
主题词: 体育课--课程设计--教学研究--中小学 , 体育课 , 课程设计 , 教学研究
电子资源:
ISBN: 978-7-5644-0278-5
000 01068oam2 2200289 45
001 1130719484
005 20110310092559.90
010    @a978-7-5644-0278-5@dCNY33.00
100    @a20110122d2010 kemy0chiy50 ea
101 0  @achi@deng
102    @aCN@b110000
105    @aa z 000yy
106    @ar
200 1  @a我国中小学体育课堂教学设计研究@AWo Guo Zhong Xiao Xue Ti Yu Ke Tang Jiao Xue She Ji Yan Jiu@f柴娇著@FChai Jiao Zhu
210    @a北京@c北京体育大学出版社@d2010
215    @a182页@c照片,图@d24cm
225 2  @a中国体育博士文丛
330    @a本书分别对体育课堂教学设计的本质、基本作用、理论基础进行了分析与探索;对我国中小学体育课堂教学设计的现状进行了分析,并对存在的问题提出了相应的对策;对体育课堂教学设计的评价方法以及呈现形式进行了尝试性的研究。
461  0 @12001 @a中国体育博士文丛
606 0  @a体育课@x课程设计@x教学研究@x中小学
606 0  @a体育课
606 0  @a课程设计
606 0  @a教学研究
690    @aG633.96@v4
701  0 @a柴娇@AChai Jiao@f(1975~)@4著
801  0 @aCN@bTANGWEI@c20110310
905    @b0531667-70@dG633.96@e110@f4
    
    我国中小学体育课堂教学设计研究/柴娇著.-北京:北京体育大学出版社,2010
    182页:照片,图;24cm.-(中国体育博士文丛)
    
    
    ISBN 978-7-5644-0278-5:CNY33.00
    本书分别对体育课堂教学设计的本质、基本作用、理论基础进行了分析与探索;对我国中小学体育课堂教学设计的现状进行了分析,并对存在的问题提出了相应的对策;对体育课堂教学设计的评价方法以及呈现形式进行了尝试性的研究。
●
相关链接 在E读中查询图书 在五车中查询图书 在当当中查询图书 在豆瓣中查询图书


正题名:我国中小学体育课堂教学设计研究     索取号:G633.96/110         预约/预借

序号 登录号 条形码 馆藏地/架位号 状态 备注
1 0531667   205316674   第一样本阅览室/ [索取号:G633.96/110] 在馆    
2 0531668   205316683   第四借阅区/ [索取号:G633.96/110] 在馆    
3 0531669   205316692   第四借阅区/ [索取号:G633.96/110] 在馆    
4 0531670   205316709   密集书库-体育系/ [索取号:G633.96/110] 在馆    
唐山师范学院图书馆 欢迎您!
大连网信软件有限公司© 版权所有